Catálogo de publicaciones de la Mancomunidad y la Generalidad de Cataluña / María José Buxó-Dulce de Voltes
Descripción Física:
XII, 48 p. ; 24 cm
MARC
| LEADER | 00000nam a2200000Ia 4500 | ||
|---|---|---|---|
| 001 | 11817 | ||
| 008 | 160829s1976 xx 000 0 cat d | ||
| 080 | |a O-1-18 | ||
| 100 | 1 | |a Buxó Dulce Montesinos, María José |9 55238 | |
| 245 | |a Catálogo de publicaciones de la Mancomunidad y la Generalidad de Cataluña / María José Buxó-Dulce de Voltes | ||
| 260 | |a Barcelona : |b (Imp. Casa Prov. de Caridad), |c 1976 | ||
| 300 | |a XII, 48 p. ; |c 24 cm | ||
| 650 | |a Catalunya. Mancomunitat |x Bibliografia |x Catàlegs |9 23830 | ||
| 650 | |a Catalunya. Generalitat |x Bibliografia |x Catàlegs |9 23831 | ||
| 901 | |a Arxiu | ||
| 942 | |n 1 |2 udc | ||
| 952 | |0 0 |1 0 |4 0 |6 O118 |7 1 |9 42877 |a Arxiu |b Arxiu |d 2016-12-01 |l 0 |o O-1-18 |p 11817 |r 2016-12-01 00:00:00 |w 2016-12-01 |y ARXIU | ||
| 999 | |c 45383 |d 45383 | ||